All matches USA on football World Cup - Statistics

General Stats
  • This quiz has been taken 37 times
    16 since last reset
  • The average score is 32 of 37
Answer Stats
Year Wynik Representation % Correct
1930 1–6 Argentina
100%
1950 1-0 England
100%
2010 1-1 England
100%
2022 0-0 England
100%
2022 1-3 Netherlands
100%
1994 0–1 Brazil
94%
2022 1-1 Wales
94%
1998 0-2 Germany
94%
2002 0–1 Germany
94%
2014 0–1 Germany
94%
1998 1-2 Iran
94%
2022 1-0 Iran
94%
2002 3-2 Portugal
94%
2014 2-2 Portugal
94%
2002 1-1 South Korea
94%
1930 3–0 Belgium
88%
2014 1–2 (a.e.t.) Belgium
88%
1950 2–5 Chile
88%
1934 1–7 Italy
88%
1990 0-1 Italy
88%
2006 1-1 Italy
88%
2002 2-0 Mexico
88%
2010 2-2 Slovenia
88%
1950 1-3 Spain
88%
2006 0-3 Czech Republic
81%
2006 1-2 Ghana
81%
2010 1–2 (a.e.t.) Ghana
81%
2014 2-1 Ghana
81%
1930 3–0 Paraguay
81%
1994 1-1 Switzerland
81%
1994 2-1 Colombia
75%
2002 1-3 Poland
75%
2010 1-0 Algeria
69%
1990 1–2 Austria
69%
1994 0–1 Romania
69%
1990 1-5 Czechoslovakia
44%
1998 0-1 Yugoslavia
44%
No matching quizzes found
Score Distribution
Percent of People with Each Score
Percentile by Number Answered
Your Score History
You have not taken this quiz since the last reset